000 00430nam a2200145Ia 4500
008 100204s9999 xx 000 0 und d
082 _b1427
100 _aबर्वे गिरीष
245 _aअरबी ललना
260 _b"दिलिप प्रकाशन , मुंबई"
_c1979
300 _a203
630 _aअरबी ललना
730 _aअरबी ललना
942 _cBOOK
999 _c446589
_d446586